000
00294nam a2200133Ia 4500
008
240624s9999 xx 000 0 und d
041
_a
eng
082
_a
954 IYE
100
_a
IYER PICO
245
_a
GLOBAL SOUL
260
_c
2001
_a
New Delhi
_b
Bloomsbury
300
_a
303 : p.
365
_c
RS
999
_c
17109
_d
17109